000 00861nam a2200241 a 4500
001 67700
003 BD-RjUL
005 20211209081702.0
008 170328s1964 caua b 000 0 eng
035 _a(BD-RjUL)67909
040 _aDLC
_cODaWU
_dOCoLC
_dDLC
_dBD-RjUL
_beng
041 _aeng
082 _223
_a150.0151
_bSTU 1964
245 1 0 _aStudies in mathematical psychology /
_cEdited by R.C. Atkinson.
260 _aStanford, Calif. :
_bStanford University Press,
_cc1964.
300 _aviii, 414 p. :
_bill. ;
_c25 cm.
504 _aIncludes bibliographical references.
650 0 _aPsychology
_xMathematical models.
_9154300
700 _aAtkinson, R.C.
_qeditors.
_9200723
830 _aStanford mathematical studies in the social sciences,
_v9
_9203657
942 _2ddc
_cBK
999 _c67700
_d67700